书目信息 |
| 题名: |
教你做一名优秀的财务会计
|
|
| 作者: | 玉卓 主编 | |
| 分册: | ||
| 出版信息: | 北京 北京工业大学出版社 2010.01 |
|
| 页数: | 230页 | |
| 开本: | 24cm | |
| 丛书名: | ||
| 单 册: | ||
| 中图分类: | F234.4 | |
| 科图分类: | ||
| 主题词: | 财务会计 | |
| 电子资源: | ||
| ISBN: | 978-7-5639-2229-1 | |
| 000 | 00821nam0 2200229 450 | |
| 001 | 012010610332 | |
| 005 | 20100630110809.59 | |
| 009 | 012004420531 | |
| 010 | @a978-7-5639-2229-1@dCNY29.00 | |
| 100 | @a20100515d2010 em y0chiy0110 ea | |
| 101 | 0 | @achi |
| 102 | @aCN@b110000 | |
| 105 | @ay z 000yy | |
| 200 | 1 | @a教你做一名优秀的财务会计@Ajiao ni zuo yi ming you xiu de cai wu kuai ji@f玉卓主编 |
| 210 | @a北京@c北京工业大学出版社@d2010.01 | |
| 215 | @a230页@d24cm | |
| 330 | @a本书主要介绍了会计基础与会计人员应具有的素质,并围绕资产、负债、所有者权益、收入、费用、利润六个会计要素的具体核算实务进行了详细的讲解,还对会计报表的编制和填列以及财务预算和财务分析等内容进行了阐述。 | |
| 606 | 0 | @a财务会计 |
| 690 | @aF234.4@v4 | |
| 701 | 0 | @a玉卓@Ayu zhuo@4主编 |
| 801 | 0 | @aCN@c20100515 |
| 905 | @dF234.4@eY839@f3 | |
| 教你做一名优秀的财务会计/玉卓主编.-北京:北京工业大学出版社,2010.01 |
| 230页;24cm |
| ISBN 978-7-5639-2229-1:CNY29.00 |
| 本书主要介绍了会计基础与会计人员应具有的素质,并围绕资产、负债、所有者权益、收入、费用、利润六个会计要素的具体核算实务进行了详细的讲解,还对会计报表的编制和填列以及财务预算和财务分析等内容进行了阐述。 |
| ● |
| 相关链接 |
|
|
|
正题名:教你做一名优秀的财务会计
索取号:F234.4/Y839
 
预约/预借
| 序号 | 登录号 | 条形码 | 馆藏地/架位号 | 状态 | 备注 |